000 01131nam a22002417a 4500
001 BR2024004421
003 BR-BrBNA
005 20241227151023.0
008 241227b bl.||||| |||| 00| 0 por d
040 _aBR-BrBNA
_bpor
041 _apor
072 _aA50
090 _aA50
_bBR2024004421
110 _4aut.
_aMinistério da agricultura indústria e comercio :
245 _aServiço de inspecção e Defesa Agricula :
_bQuestionarios sobre as Condições da Agricultura dos 84 Municipios do Estado do Ceara /
260 _aRio de Janeiro, RJ (Brasil) :
_bTyp. do Serviço de Estatistica,
_c1913.
300 _a308 p.
520 _alevantamento realizado para analisar as condições agrícolas no Ceará, abordando temas como tipos de cultivos, infraestrutura rural, técnicas agrícolas e desafios enfrentados pelos produtores, especialmente em relação às secas buscando fornecer dados para entender a realidade agrária da região e apoiar políticas públicas para o desenvolvimento rural no estado.
650 _aAgricultura
650 _aAgricultura Intensiva
909 _a202412
_bMartins
942 _cBK
999 _c329461
_d329461